000 01497naa0a22002172i 4500
001 RU\VMP\78993
005 20250107123008.0
100 _a20181112d2017 |||y0rusy5050 ca
101 0 _arus
102 _aRU
200 1 _aКрепостной живописец Иван Летунов
_eСтатья
_fПубликация Н. Б. Волковой
600 1 _3RU\VMP\AUTH\4056
_aСвиньин
_bП. П.
_f1788–1839
_gПавел Петрович
_94056
600 1 _2
_aЛетунов
_gИван
606 1 _2
_aКрепостная интеллигенция - XIX в.
606 1 _3RU\VMP\AUTH\4042
_aКрепостное право
_94042
606 1 _3RU\VMP\AUTH\4021
_aЖивопись
_yРоссия
_zXIX век
_94021
700 1 _3RU\VMP\AUTH\3655
_aЗильберштейн
_f1905–1988
_gИлья Самойлович
_93655
461 0 _1001RU\VMP\75424
_12000 $vВып. 12
_fГлав. архивное упр. при Совете Министров СССР
_975424
_aГлав. архивное упр. при Совете Министров СССР
_cМ.
_d1970-
_nСоветская Россия
_oСборник материалов Центрального Государственного архива литературы и искусства СССР
_tВстречи с прошлым
_vВып. 12
463 0 _1001RU\VMP\78987
_12000 $vС. 570-610
_978987
_d2017
_p672 с., [40] л. ил.
_tВстречи с прошлым. - Вып. 12
_y978-5-906594-11-2
_vС. 570-610
942 _cAT
090 _a78993